000 00359nam a2200133Ia 4500
008 240624s9999 xx 000 0 und d
041 _aeng
082 _a330.973 SWO
100 _aSWONK DIANE
245 _aPASSIONATE ECONOMIST FINDING THE POWER A
260 _c2003
_aNew Jersey
_bJohn Wiley and Sons
300 _axviii, : 270 : p. : cm. ; 23
365 _c
_b35
999 _c8184
_d8184